00286nam a2200121Ia 4500008004100000041000900041082001700050100002000067245002600087260003500113300000800148650000800156230718s9999 xx 000 0 und d aEng. a34200bGHU-E aGhumaun M.Anwar 0aEnglish Constitution  aPakistanbLaw book housec2012 a138 aLaw